Wykluczanie poprzez kategorie - geografia Azji #2 - Statystyki

Ogólne statystyki
  • Ten quiz został rozwiązany 136 razy
  • Średni wynik to 14 z 20
Statystyki odpowiedzi
Grupa # Kategoria % Poprawnych
Zielona 48 Państwa Azji
100%
Zielona 22 ... z liczbą ludności mniejszą niż 15 milionów
96%
Pomarańczowa 48 Stolice Azji
91%
Niebieska 48 Państwa Azji (według flagi)
91%
Niebieska 34 ... które nie mają czarnego na nim
91%
Niebieska 7 ... które nie mają białego na nim
89%
Pomarańczowa 23 ... którego szerokość geograficzna jest na północ od Kairu
88%
Pomarańczowa 9 ... z co najmniej 3 milionami ludzi
87%
Niebieska 4 ... stanowią co najmniej 50% czerwonego
87%
Zielona 10 ... którego maksymalna wysokość przekracza 3000 m
86%
Fioletowa 96 Państwa lub stolice Azji
85%
Zielona 7 ... który nie kończy się na "-stan"
84%
Pomarańczowa 3 ... z dokładnie 5 literami w nazwie
73%
Fioletowa 25 ... które kończą się na literę A
73%
Zielona 1 ... który zaczyna się i kończy samogłoską Armenia
48%
Fioletowa 8 ... mają maksymalnie 6 liter w swojej nazwie
35%
Niebieska 1 ... i ma więcej niż 2 kolory Mongolia
29%
Pomarańczowa 1 ... i którego państwo nie ma dostępu do morza Kabul
15%
Fioletowa 3 ... z co najmniej 10 milionami ludzi
14%
Fioletowa 1 ...i którego maksymalna wysokość jest mniejsza niż 1000 m Dhaka
7%
Nie znaleziono quizów pasujących do podanych kryteriów
Rozkład punktacji
Procent ludzi z każdym wynikiem
Percentyl według liczby udzielonych odpowiedzi
Twoja historia wyników
Nie rozwiązałeś tego quizu